10 najludniejszych miast w Francji - Statystyki

Ogólne statystyki
  • Ten quiz został rozwiązany 41 razy
  • Średni wynik to 7 z 10
Statystyki odpowiedzi
Ludność Miasto % Poprawnych
2 180 000 Paryż
100%
516 000 Lyon
97%
863 000 Marsylia
92%
340 000 Nicea
82%
254 000 Bordeaux
71%
232 000 Lille
71%
479 000 Tuluza
66%
309 000 Nantes
61%
285 000 Montpellier
53%
280 000 Strasburg
47%
Nie znaleziono quizów pasujących do podanych kryteriów
Rozkład punktacji
Procent ludzi z każdym wynikiem
Percentyl według liczby udzielonych odpowiedzi
Twoja historia wyników
Nie rozwiązałeś tego quizu